| 000 | 00411pab a2200157 454500 | ||
|---|---|---|---|
| 008 | 180718b2005 xxu||||| |||| 00| 0 eng d | ||
| 100 | _aMohanty, Manoranjan | ||
| 245 | _aContrasting denuclearisation: Korea and Iran | ||
| 260 | _c2005 | ||
| 300 | _ap.4414-415 | ||
| 362 | _a8 Oct | ||
| 650 | _aDisarmament | ||
| 650 | _aNuclear nonproliferation | ||
| 773 | _aEconomic and Political Weekly | ||
| 909 | _a67643 | ||
| 999 |
_c67643 _d67643 |
||